000 00330nam a2200133Ia 4500
008 220216s9999 xx 000 0 und d
100 _aRiddell G L
245 0 _aUse of rubber in the printing industry
260 _bIRI Transactions
_c1932
300 _a270-278
650 _aPrinting industry
650 _aRubber
942 _cJS
999 _c71944
_d71944